000 01200nam a22002777a 4500
001 243
003 BD-RjUL
005 20230725150902.0
008 131113r20221953bg |||| |||| 000 0 ben d
020 _a9844101557 :
035 _a(BD-RjUL)257
040 _aBD-RjUL
_bben
_cBD-RjUL
_dBD-RjUL
041 _aben
082 4 0 _223
_a891.4409
_bSHB 2022
100 1 _aশহীদুল্লাহ্, মুহাম্মদ
_9733
245 1 0 _aবাংলা সাহিত্যের কথা /
_cমুহম্মদ শহীদুল্লাহ্
250 _aমাওলা ব্রাদার্স সং.
260 _aঢাকা :
_bমাওলা ব্রাদার্স,
_c১৯৫৩,১৯৯৯ [মুদ্রণ ২০০২, ২০২২]
300 _a খণ্ড ;
_c২০ সেমি.
500 _a"Replaced Copy"
504 _aগ্রন্থপঞ্জী সংযুক্ত
505 0 _aখণ্ড. ১ম প্রাচীন যুগ -- খণ্ড. ২য় মধ্যযুগ --
650 _aবাংলা সাহিত্য
_xইতিহাস
_9111831
650 _aBengali Literature
_xHistory
_966403
942 _2ddc
_cBK
999 _c243
_d243